Rozširovanie EÚ ako výraz mäkkej moci

Mäkká moc v kontexte rozširovania Európskej únie. Limity mäkkej moci v podmienkach prístupového procesu. Múdra moc ako kombinácia mäkkej a tvrdej moci.

Guardado en:
Detalles Bibliográficos
Autor principal: Ščepán, Michal
Formato: Capítulo de libro
Lenguaje:eslovaco
Materias:
Etiquetas: Agregar Etiqueta
Sin Etiquetas, Sea el primero en etiquetar este registro!

MARC

LEADER 00000nla$a2200000$$$4500
001 0145463
005 20240502072623.4
041 0 |a slo 
044 |a SK 
245 1 0 |a Rozširovanie EÚ ako výraz mäkkej moci  |c Michal Ščepán 
520 |a Mäkká moc v kontexte rozširovania Európskej únie. Limity mäkkej moci v podmienkach prístupového procesu. Múdra moc ako kombinácia mäkkej a tvrdej moci. 
610 2 0 |a Európska únia 
610 2 0 |a integrácia ekonomická medzinárodná 
100 1 |a Ščepán, Michal